=LDR 00000nam 2200000 4500 =001 INLIS000000000005388 =005 20130612093632 =008 ***********************************Ind** =035 ##$$0010-061300000005388 =041 ##$$a Ind =082 ##$$a 635.8 =090 ##$$a 635.8, Gun u =100 ##$$a GUNAWAN, Agustin Wydia =245 ##$$a Usaha pembudidayaan jamur, Agustin Wydia Gunawan. -- =650 ##$$a 2000 $b Jakarta =710 ##$$a viii, 112 hlm, ilus, 21 cm =850 ##$$a Jamur Merang